LDR 00718nam a2200205 i 4500 001 000000175092 003 CaOOAMICUS 005 20260605163733.0 008 081022s2006 it u000 u ita u 020 $a88-02-07400-3 040 $aSeMil$bita 245 10$a2: L-Z. 300 $aP.406-806, [14] p. di tav. :$bill. ;$c33 cm. 773 0 $aCoda, Piero, <1955- >$tCristianesimo.$dTorino : UTET, 2006.$g2$w()20161 850 $aSeMil 852 $aSeMil$W1$xVenegono$y1$mSL1.M VIII 5/2$j272993$B125917$CSeMilBibl$Z2$F136992 $8I 961 $aAcquisto: Città Nuova (Agente) 996 $6020$a88-02-07400-3$9(OLS)http://semarc/number/163258 996 $6245$a2: L-Z$9(OLS)http://semarc/title/431936